000 00566nam a2200193 i 4500
001 96153
003 ES-MaACL
005 20250522203628.0
007 t|
008 050613s1969 sp ||||1| cat d
100 1 _aMcCarthy, Mary.
_979527
245 1 0 _aAparadors per a una dona /
_cMary Mac Carthy; traducció de Ramón Folch i Camarasa.
250 _a1ª ed.
260 _aBarcelona :
_bEd. 62,
_c1969.
300 _a207 p. ;
_c20 cm.
700 1 _aFolch i Camarasa, Ramon,
_d1926-
_951450
852 _aES-MaACL
_jC-50359
_bR.71469
999 _c96153
_d96153